<?xml version="1.0" encoding="UTF-8"?>
<record
    xmlns:xsi="http://www.w3.org/2001/XMLSchema-instance"
    xsi:schemaLocation="http://www.loc.gov/MARC21/slim http://www.loc.gov/standards/marcxml/schema/MARC21slim.xsd"
    xmlns="http://www.loc.gov/MARC21/slim">

  <leader>01351nam a2200205Ia 4500</leader>
  <controlfield tag="008">121028s9999    xx            000 0 und d</controlfield>
  <datafield tag="020" ind1=" " ind2=" ">
    <subfield code="a">Obra Completa 9707016477,t.1-v.1 9707016485,t.1-v.2 9707016493,v.2 9707016507</subfield>
  </datafield>
  <datafield tag="050" ind1=" " ind2=" ">
    <subfield code="a">F1226. S57 2005</subfield>
  </datafield>
  <datafield tag="100" ind1=" " ind2=" ">
    <subfield code="a">ARAG&#xD3;N, Agust&#xED;n y otros. </subfield>
  </datafield>
  <datafield tag="245" ind1=" " ind2=" ">
    <subfield code="a">M&#xE9;xico  </subfield>
    <subfield code="b">:Su Evolucion Social</subfield>
    <subfield code="c">/Editor Justo Sierra /Agustin Aragon ... [et al.].</subfield>
  </datafield>
  <datafield tag="250" ind1=" " ind2=" ">
    <subfield code="a">1a ed. </subfield>
  </datafield>
  <datafield tag="260" ind1=" " ind2=" ">
    <subfield code="a">M&#xE9;xico </subfield>
    <subfield code="b">: Porrua :Tribunal Electoral del Poder Judicial de la Federacion</subfield>
    <subfield code="c">2005</subfield>
  </datafield>
  <datafield tag="300" ind1=" " ind2=" ">
    <subfield code="a">Vol.1 Tomo 1. 1-416 p </subfield>
    <subfield code="a">Vol.1 Tomo 2. 417-77 p</subfield>
    <subfield code="a">Vol. 2 438 p</subfield>
    <subfield code="b">;il </subfield>
    <subfield code="c">35 cm.</subfield>
  </datafield>
  <datafield tag="500" ind1=" " ind2=" ">
    <subfield code="a">"Sintesis de la historia politica, de la organizacion administrativa y militar y del Estado economico de la Federacion Mexicana; De sus adelantamientos en el orden intelectual; De su estructura territorial y del desarrollo de su poblacion, y de los medios</subfield>
  </datafield>
  <datafield tag="505" ind1=" " ind2=" ">
    <subfield code="a">tomo.1,vol.I:Del Territorio de M&#xE9;xico y sus habitantes por -Agust&#xED;n Arag&#xF3;n(1870-1954);
-Historia Pol&#xED;tica por Justo Sierra(1848-1912);
-Instituciones pol&#xED;ticas,los estados de la Federaci&#xF3;n mexicana.Relaciones exteriores por Julio Z&#xE1;rate;
-El ej&#xE9;rcito nacional </subfield>
  </datafield>
  <datafield tag="650" ind1=" " ind2=" ">
    <subfield code="a">Administracion publica Mexico y Siglo XIX.</subfield>
  </datafield>
  <datafield tag="651" ind1=" " ind2=" ">
    <subfield code="a">Mexico Historia y Siglo XIX.</subfield>
  </datafield>
  <datafield tag="700" ind1=" " ind2=" ">
    <subfield code="a">Aragon, Agustin,1870-1954.    \Sierra, Justo,1848-1912.&#xCC;</subfield>
  </datafield>
  <datafield tag="942" ind1=" " ind2=" ">
    <subfield code="2">lcc</subfield>
    <subfield code="c">HMAN</subfield>
  </datafield>
  <datafield tag="952" ind1=" " ind2=" ">
    <subfield code="0">0</subfield>
    <subfield code="1">0</subfield>
    <subfield code="2">lcc</subfield>
    <subfield code="4">0</subfield>
    <subfield code="7">0</subfield>
    <subfield code="a">22</subfield>
    <subfield code="b">22</subfield>
    <subfield code="d">2012-05-23</subfield>
    <subfield code="l">0</subfield>
    <subfield code="o">F1226. S57 2005</subfield>
    <subfield code="p">16 000279</subfield>
    <subfield code="r">2013-05-30</subfield>
    <subfield code="t">Tomo 1 Vol. 1</subfield>
    <subfield code="w">2012-10-28</subfield>
    <subfield code="y">LB</subfield>
  </datafield>
  <datafield tag="952" ind1=" " ind2=" ">
    <subfield code="0">0</subfield>
    <subfield code="1">0</subfield>
    <subfield code="2">lcc</subfield>
    <subfield code="4">0</subfield>
    <subfield code="7">0</subfield>
    <subfield code="a">22</subfield>
    <subfield code="b">22</subfield>
    <subfield code="d">2012-05-23</subfield>
    <subfield code="l">0</subfield>
    <subfield code="o">F1226. S57 2005</subfield>
    <subfield code="p">16 000290</subfield>
    <subfield code="r">2013-05-30</subfield>
    <subfield code="t">Tomo 2 Vol. 1</subfield>
    <subfield code="w">2012-10-28</subfield>
    <subfield code="y">LB</subfield>
  </datafield>
  <datafield tag="952" ind1=" " ind2=" ">
    <subfield code="0">0</subfield>
    <subfield code="1">0</subfield>
    <subfield code="2">lcc</subfield>
    <subfield code="4">0</subfield>
    <subfield code="7">0</subfield>
    <subfield code="a">22</subfield>
    <subfield code="b">22</subfield>
    <subfield code="d">2012-05-23</subfield>
    <subfield code="l">0</subfield>
    <subfield code="o">F1226. S57 2005</subfield>
    <subfield code="p">16 000291</subfield>
    <subfield code="r">2013-05-30</subfield>
    <subfield code="t">Tomo 2</subfield>
    <subfield code="w">2012-10-28</subfield>
    <subfield code="y">LB</subfield>
  </datafield>
  <datafield tag="952" ind1=" " ind2=" ">
    <subfield code="0">0</subfield>
    <subfield code="1">0</subfield>
    <subfield code="2">lcc</subfield>
    <subfield code="4">0</subfield>
    <subfield code="7">0</subfield>
    <subfield code="a">22</subfield>
    <subfield code="b">22</subfield>
    <subfield code="d">2022-09-14</subfield>
    <subfield code="l">0</subfield>
    <subfield code="o">F1226. S57 2005</subfield>
    <subfield code="p">16 001680</subfield>
    <subfield code="r">2022-09-14</subfield>
    <subfield code="t">Tomo 1 Vol. 1</subfield>
    <subfield code="w">2022-09-14</subfield>
    <subfield code="y">HMAN</subfield>
  </datafield>
  <datafield tag="952" ind1=" " ind2=" ">
    <subfield code="0">0</subfield>
    <subfield code="1">0</subfield>
    <subfield code="2">lcc</subfield>
    <subfield code="4">0</subfield>
    <subfield code="7">0</subfield>
    <subfield code="a">22</subfield>
    <subfield code="b">22</subfield>
    <subfield code="d">2022-09-14</subfield>
    <subfield code="l">0</subfield>
    <subfield code="o">F1226. S57 2005</subfield>
    <subfield code="p">16 001681</subfield>
    <subfield code="r">2022-09-14</subfield>
    <subfield code="t">Tomo 2 Vol. 1</subfield>
    <subfield code="w">2022-09-14</subfield>
    <subfield code="y">HMAN</subfield>
  </datafield>
  <datafield tag="952" ind1=" " ind2=" ">
    <subfield code="0">0</subfield>
    <subfield code="1">0</subfield>
    <subfield code="2">lcc</subfield>
    <subfield code="4">0</subfield>
    <subfield code="7">0</subfield>
    <subfield code="a">22</subfield>
    <subfield code="b">22</subfield>
    <subfield code="d">2022-09-14</subfield>
    <subfield code="l">0</subfield>
    <subfield code="o">F1226. S57 2005</subfield>
    <subfield code="p">16 001682</subfield>
    <subfield code="r">2022-09-14</subfield>
    <subfield code="t">Tomo 2</subfield>
    <subfield code="w">2022-09-14</subfield>
    <subfield code="y">HMAN</subfield>
  </datafield>
  <datafield tag="999" ind1=" " ind2=" ">
    <subfield code="c">86525</subfield>
    <subfield code="d">86525</subfield>
  </datafield>
</record>
